00772nam a22002057a 450000500170000001000180001702000360003502000370007103500170010803700130012508200080013810000160014624500680016225000200023026000420025027000400029230000460033250001350037850500530051320180704143853.0 aENG-123374-75 c375.00 a10HE000049 (vol. 1) c375.00 a10HE000050 (vol. 2) aEN-106906-07 bDBAD/PUB a546 aRao, K Rama00aInorganic chemistry :cby K Rama Raobfor JEE main & advanced / aRevised edition aNew DelhibS. Chand and Companyc2018 a7361, Ram Nagar,bNew Delhie110055 a2 vols. (various paging)c27cm(pbk)bill. aIt includes JEE Main 2017 paper, with solution, JEE advanced 2017 paper 1 with Solution, JEE advanced 2017 paper 2 with Solution,  aVol. 1 - Part -1 and Part-2 Vol. 2 - Appendices